| 000 | 00630nam a22001937a 4500 | ||
|---|---|---|---|
| 003 | AM-YeHGA | ||
| 005 | 20250617154033.0 | ||
| 008 | 180420s xxu||||| |||| 00| 0 rus d | ||
| 040 | _aAM-YeHGA | ||
| 041 | 1 |
_arus _hukr |
|
| 100 | 1 | _aБажан, Микола. | |
| 245 | 1 | 0 |
_aКиров : _bТри повести / _cМикола Бажан; Авториз. пер. с укр. Б. Турганова. |
| 260 |
_aМосква: _bХудож. лит., _c1939. |
||
| 300 | _a70 с. | ||
| 653 | 0 | _aУкраинская литература | |
| 700 | 1 |
_aТурганов, Б. _eпер. _4trl |
|
| 942 |
_2udc _cBK |
||
| 090 | _c405647 | ||
| 999 |
_c403424 _d403424 |
||